بلوغ الأرب في علم الأدب / (رقم التسجيلة. 21981)
[ عرض عادي ]
| 000 -LEADER | |
|---|---|
| fixed length control field | 00632nam a22002057a 4500 |
| 005 - DATE AND TIME OF LATEST TRANSACTION | |
| control field | 20251108165212.0 |
| 008 - FIXED-LENGTH DATA ELEMENTS--GENERAL INFORMATION | |
| fixed length control field | 250721s1990 xx 000 0 ara d |
| 082 14 - DEWEY DECIMAL CLASSIFICATION NUMBER | |
| Classification number | 414.3/فرح |
| 100 1# - MAIN ENTRY--PERSONAL NAME | |
| Personal name | فرحات، جرمانوس |
| Relator term | مؤلف |
| 245 10 - TITLE STATEMENT | |
| Title | بلوغ الأرب في علم الأدب / |
| 264 1# - PRODUCTION, PUBLICATION, DISTRIBUTION, MANUFACTURE, AND COPYRIGHT NOTICE | |
| Place of production, publication, distribution, manufacture | بيروت : |
| Name of producer, publisher, distributor, manufacturer | دار المشرق، |
| Date of production, publication, distribution, manufacture, or copyright notice | 1990. |
| 300 ## - PHYSICAL DESCRIPTION | |
| Extent | 279ص. |
| 490 0# - SERIES STATEMENT | |
| Series statement | المجموعة الادبية نصوص و دروس |
| 650 17 - SUBJECT ADDED ENTRY--TOPICAL TERM | |
| Topical term or geographic name as entry element | اللغه العربيه |
| 650 17 - SUBJECT ADDED ENTRY--TOPICAL TERM | |
| Topical term or geographic name as entry element | الاسلوب الادبي |
| 650 17 - SUBJECT ADDED ENTRY--TOPICAL TERM | |
| Topical term or geographic name as entry element | البلاغه |
| 653 ## - INDEX TERM--UNCONTROLLED | |
| Uncontrolled term | علم الجناس |
| 942 ## - ADDED ENTRY ELEMENTS (KOHA) | |
| Source of classification or shelving scheme | Dewey Decimal Classification |
| Koha item type | كتب |
| حالة السحب | حالة الفقدان | مصدر التصنيف | حالة التلف | غير قابل للإعارة | المكتبة الرئيسية | المكتبة الحالية | موقع الرف | تاريخ التزويد | الرقم المتسلسل | Total Checkouts | رقم الإستدعاء | الباركود | تاريخ آخر ظهور | تاريخ الفاتورة | نوع المادة (كوها) |
|---|---|---|---|---|---|---|---|---|---|---|---|---|---|---|---|
| Dewey Decimal Classification | مكتبة الأميرة ايمان العامة | مكتبة الأميرة ايمان العامة | الإعارة | 18/05/2009 | 1276478 | 414.3/فرح | PLD00092479 | 28/07/2025 | 18/05/2009 | كتب | |||||
| Dewey Decimal Classification | مكتبة الاميرة بديعة | مكتبة الاميرة بديعة | الإعارة | 18/05/2009 | 1276477 | 414.3/فرح | PLD00092478 | 28/07/2025 | 18/05/2009 | كتب | |||||
| Dewey Decimal Classification | مكتبة الحسن العامة | مكتبة الحسن العامة | الإعارة | 18/05/2009 | 1276480 | 414.3/فرح | PLD00092481 | 28/07/2025 | 18/05/2009 | كتب | |||||
| Dewey Decimal Classification | مكتبة صويلح العامة | مكتبة صويلح العامة | الإعارة | 28/07/2025 | 1276475 | 414.3/فرح | PLD00086419 | 28/07/2025 | 28/07/2025 | كتب | |||||
| Dewey Decimal Classification | مكتبة وادي السير العامة | مكتبة وادي السير العامة | الإعارة | 18/05/2009 | 1276479 | 414.3/فرح | PLD00092480 | 28/07/2025 | 18/05/2009 | كتب | |||||
| Dewey Decimal Classification | مكتبة ومركز فرح | مكتبة ومركز فرح | الإعارة | 18/05/2009 | 1276481 | 414.3/فرح | PLD00092482 | 28/07/2025 | 18/05/2009 | كتب |